| 000 | 01154cam a2200277 a 4500 | ||
|---|---|---|---|
| 001 | 000005964 | ||
| 003 | DO-SdBNP | ||
| 005 | 20251029134212.0 | ||
| 008 | 780307s1976 ve b f000 0aspa d | ||
| 040 |
_aDO-SdBNP _bspa _cBNPHU |
||
| 082 |
_a923.187 _bP127d |
||
| 100 | 1 |
_aPaez, José Antonio, _d1790-1873. _916804 |
|
| 245 | 1 | 0 |
_aDocumentos para la historia de la vida de Jose Antonio Paez / _cprólogo Nicolas Perazzo ; compilación, selección y notas Manuel Pinto. |
| 260 |
_aCaracas : _bCongreso de la República, _c1976. |
||
| 300 |
_av. ; _c23 cm. |
||
| 490 | 1 | _aBiblioteca de la Academia Nacional de la Historia ; | |
| 490 | 1 | _aFuentes para la Historia Repúblicana de Venezuela | |
| 500 | _aLa biblioteca sólo posee el volumen 1. | ||
| 504 | _aBibliografía: v. 1, p. 37-39. | ||
| 600 | 1 | 0 |
_aPaez, José Antonio, _d1790-1873. _916805 |
| 650 | 4 |
_aPresidentes _zVenezuela _xBiografía. _916806 |
|
| 651 | 0 |
_aVenezuela _xHistoria _y1830-1935 _926230 |
|
| 700 | 1 |
_aPinto C., Manuel, _d1909- _916807 |
|
| 830 | 0 |
_aBiblioteca de la Academia Nacional de la Historia ; _pFuentes para la Historia Repúblicana de Venezuela _916808 |
|
| 942 |
_2ddc _cLBS1 |
||
| 999 |
_c5760 _d5760 |
||